The legal environment of business : (Record no. 4009)

MARC details
000 -LEADER
fixed length control field 00785cam a2200157 a 4500
020 ## - INTERNATIONAL STANDARD BOOK NUMBER
ISBN 0070699976
020 ## - INTERNATIONAL STANDARD BOOK NUMBER
ISBN 9780070699977
050 ## - CALL NUMBER
Classification number KF1600
Item number .W47 1992
100 ## - AUTHOR
Personal name Whitman, Douglas.
245 ## - TITLE
Title The legal environment of business :
Remainder of title regulatory law and contracts /
Statement of responsibility, etc Douglas Whitman, John William Gergacz, Murray Levin.
260 ## - PUBLICATION INFORMATION
Place of publication New York :
Name of publisher McGraw-Hill,
Year of publication 1992.
300 ## - DESCRIPTION
Number of Pages xxix, 747 p. :
Other physical details ill. ;
Dimensions 25 cm.
505 ## - FORMATTED CONTENTS NOTE
Table of Content Part 1. Introduction to law and business<br/>Part 2. The American legal system<br/>Part 3. The Common law foundation: Torts and Contracts<br/>Part 4. Legal aspects of the firm and the regulation of its power<br/>Part 5. Regulation of Business activity<br/>Part 6. International regulation of business activity
650 ## - SUBJECTS
Topical Term Trade regulation
942 ## - ADDED ENTRY ELEMENTS (KOHA)
Koha item type Books
Holdings
Withdrawn status Lost status Home library Current library Shelving location Date acquired Full call number Accession Number Koha item type
    Methodist University Library Tema Methodist University Library Tema General Stacks 15/01/2016 KF1600 .W47 1992 2095 Books
Copyright © 2026  MUG Library